000 00415nam a2200157Ia 4500
003 GCL
008 140319s9999 xx 000 0 ara d
040 _aGCL /
_cGCL
082 0 4 _a891.7
_bت ح
245 1 0 _aالحرب والسلام (الجزء الثالث)
300 _a171 ص
490 _aادب الحرب
_v0
650 0 4 _aالادب الروسى
650 0 4 _aالقصص الروسية
942 _2ddc
_cBK
999 _c37998
_d37998